Zmena kritérií kladených na osobnosť učiteľov pracujúcich s informačnými a komunikačnými technológiami

Efektívne osvojovanie si kompetencií v procese vzdelávania. Zmena spôsobu vzdelávania a progresívne vyučovanie. Vzdelávanie učiteľov v oblasti IKT ako prirodzená súčasť ich odborného i kariérneho rastu. Projekt "Mobilné vzdelávacie centrum" na Katedre pedagogiky NHF Ekonomickej univerzity v Bratisla...

Ausführliche Beschreibung

Gespeichert in:
Bibliographische Detailangaben
1. Verfasser: Šóš, Ivan, 1977-
Format: Buchkapitel
Sprache:Slowakisch
Schlagworte:
Tags: Tag hinzufügen
Keine Tags, Fügen Sie das erste Tag hinzu!

MARC

LEADER 00000nla$a2200000$$$4500
001 0055735
005 20240502071632.9
041 0 |a slo 
044 |a SK 
245 1 0 |a Zmena kritérií kladených na osobnosť učiteľov pracujúcich s informačnými a komunikačnými technológiami  |c Ivan Šóš 
520 |a Efektívne osvojovanie si kompetencií v procese vzdelávania. Zmena spôsobu vzdelávania a progresívne vyučovanie. Vzdelávanie učiteľov v oblasti IKT ako prirodzená súčasť ich odborného i kariérneho rastu. Projekt "Mobilné vzdelávacie centrum" na Katedre pedagogiky NHF Ekonomickej univerzity v Bratislave. Pomoc učiteľom rozvíjať ich odborné, metodické a formálne kompetencie. 
610 2 0 |a vzdelávanie 
610 2 0 |a odbornosť 
610 2 0 |a kariéra 
610 2 0 |a didaktika 
610 2 0 |a informatika 
610 2 0 |a technológie informačné 
610 2 0 |a technológie komunikačné 
610 2 0 |a univerzity 
610 2 0 |a učitelia 
100 1 |a Šóš, Ivan, 1977-